000 00287nam a22001337a 4500
020 _a978-1-84205-674-5
082 _a827
_bGRO/S
100 _aGROSSET
245 _aSERIOUSLY SILLY JOKS
260 _aSCOTLAND
_bGEDDES & GROSSET
_c2011
520 _aJOKES
650 _aJOKES
942 _cBK
999 _c5871
_d5871